000 00684nam a22002177a 4500
999 _c6276
_d6276
001 6276
003 BD-JhCC
005 20180118184345.0
008 180118s2005 bg |||| ||a| 00| 0 mul d
035 _a(BD-JhCC)6276
040 _aBD-JhCC
_dBD-JhCC
041 _aeng
082 _a297
_bMON 2005
100 _aমনিরুজ্জামান, এফ. এম
245 _aসত্যনিষ্ঠ শাশ্বত ইসলাম /
_cএফ. এম মনিরুজ্জামান,
260 _aঢাকা :
_bমেহেদী পাবলিকেশন্স,
_c2005.
300 _a551 p. :
_c24 cm.
650 _aIslam
942 _2ddc
_cBK